Membranes in Bioprocessing: Theory and Applications /

Enregistré dans:
Détails bibliographiques
Auteurs principaux: Howell, J.A (Auteur), Sanchez, V (Auteur), Field, R.W (Auteur)
Format: Livre
Langue:anglais
Publié: London : Chapman and Hall, 1993
Tags: Ajouter un tag
Pas de tags, Soyez le premier à ajouter un tag!

MARC

LEADER 00000nam a22000003a 4500
001 stu21152
005 20150617225754.2
008 950330s1993----uk------------------eng-d
020 |a 0-7514-0149-8 
040 |a STU  |b slo 
041 0 |a eng 
044 |a uk 
080 |a 66.067.11 
100 1 |a Howell, J.A  |4 aut 
245 1 |a Membranes in Bioprocessing: Theory and Applications /  |c [aut.]Howell,J.A., Sanchez,V., Field,R.W 
260 |a London :  |b Chapman and Hall,  |c 1993 
300 |a 336 s :  |b Obr.,tab.,grafy,lit.,index 
700 1 |a Sanchez, V  |4 aut 
700 1 |a Field, R.W  |4 aut 
996 |b C92196  |c C*92196  |l CCXVIII  |s P  |a 0  |w stu21152_0001